Name The Rugby League Players - Statistics

General Stats
  • This quiz has been taken 450 times
  • The average score is 8 of 13
Answer Stats
Hint Answer % Correct
RGEG ILNGIS GREG INGLIS
93%
NSNOY LBIL LILIMSWA SONNY BILL WILLIAMS
82%
ASM SESGRBU SAM BURGESS
81%
BRO WURORB ROB BURROW
73%
NHAATOHNJ TNORSUHT JOHNATHAN THURSTON
70%
ATP RDASCRIH PAT RICHARDS
68%
ASM ADIYHAT SAM THAIDAY
67%
GGER NDEE GREG EDEN
65%
AMUN VIETUAV MANU VATUVEI
57%
USNHA HSJNNOO SHAUN JOHNSON
52%
NKAFR CRDAHIRPT FRANK PRITCHARD
46%
INAGR SHCAE RANGI CHASE
41%
NYAR GOLRKCCMDI RYAN MCGOLDRICK
37%
No matching quizzes found
Score Distribution
Percent of People with Each Score
Percentile by Number Answered
Your Score History
You have not taken this quiz